000 01149nam a22003257a 4500
003 CHAP
005 20220329142744.0
008 030606d2002 mx r 00110 spa d
010 _a87320
011 _a88292
035 _a98837
040 _cCHAP
090 _aFolleto 16598
100 0 0 _aVictorino Ramírez, Liberio.
_9119091
245 1 0 _aAnteproyecto de investigación y elaboración de tesis
_c/por Liberio Victorino Ramírez
260 _aChapingo, Méx. :
_bUACH. Departamento de Sociología Rural,
_c2002
300 _a20 p. :
_bdiagrama
590 _aBATCH-UPD
_b10
_c20130110
_lUCH01
_h1021
590 _aBATCH-UPD
_b10
_c20130410
_lUCH01
_h0627
590 _aBATCH-UPD
_b10
_c20130914
_lUCH01
_h2044
590 _aCONVERSION
_b10
_c20130109
_lUCH01
_h1348
650 1 4 _aTesis.
_9112464
650 1 4 _aTrabajos científicos
_xElaboración.
_9114562
901 _aBK
905 _aMarco A. Mendoza T.
942 _cFOLL
949 _aFolleto 16598
_bBC
_cFOLL
_d33724002001181
_eTS2
_i98837
_sb
949 _aFolleto 16598
_bBC
_cFOLL
_d33724002001421
_eTS2
_fc.2
_i98837
_si
949 _aFolleto 16598
_bBC
_cUACH
_d33724002001462
_eUACH
_fc.3
_i98837
_sb
999 _c87320
_d87320